<?xml version="1.0" encoding="UTF-8"?>
<record
    xmlns:xsi="http://www.w3.org/2001/XMLSchema-instance"
    xsi:schemaLocation="http://www.loc.gov/MARC21/slim http://www.loc.gov/standards/marcxml/schema/MARC21slim.xsd"
    xmlns="http://www.loc.gov/MARC21/slim">

  <leader>03956cam a22004217a 4500</leader>
  <controlfield tag="001">14729934</controlfield>
  <controlfield tag="003">PILC</controlfield>
  <controlfield tag="005">20150909093225.0</controlfield>
  <controlfield tag="008">070209s2007    paua     b    001 0 eng d</controlfield>
  <datafield tag="010" ind1=" " ind2=" ">
    <subfield code="a">  2007295356</subfield>
  </datafield>
  <datafield tag="020" ind1=" " ind2=" ">
    <subfield code="a">9781416001669</subfield>
  </datafield>
  <datafield tag="020" ind1=" " ind2=" ">
    <subfield code="a">1416001662</subfield>
  </datafield>
  <datafield tag="035" ind1=" " ind2=" ">
    <subfield code="a">(OCoLC)ocm75218038</subfield>
  </datafield>
  <datafield tag="035" ind1=" " ind2=" ">
    <subfield code="a">(OCoLC)75218038</subfield>
  </datafield>
  <datafield tag="040" ind1=" " ind2=" ">
    <subfield code="a">SGB</subfield>
    <subfield code="c">SGB</subfield>
    <subfield code="d">BAKER</subfield>
    <subfield code="d">COU</subfield>
    <subfield code="d">IUL</subfield>
    <subfield code="d">YDXCP</subfield>
    <subfield code="d">DLC</subfield>
  </datafield>
  <datafield tag="042" ind1=" " ind2=" ">
    <subfield code="a">lccopycat</subfield>
  </datafield>
  <datafield tag="050" ind1="0" ind2="0">
    <subfield code="a">RC 954</subfield>
    <subfield code="b">.M37 2007</subfield>
  </datafield>
  <datafield tag="082" ind1="0" ind2="0">
    <subfield code="a">618.97/0231</subfield>
  </datafield>
  <datafield tag="100" ind1="1" ind2=" ">
    <subfield code="a">Linton, Adrianne Dill.</subfield>
  </datafield>
  <datafield tag="245" ind1="1" ind2="0">
    <subfield code="a">Matteson &amp; McConnell's gerontological nursing :</subfield>
    <subfield code="b">concepts and practice /</subfield>
    <subfield code="c">Adrianne Dill Linton, Helen W. Lach.</subfield>
  </datafield>
  <datafield tag="246" ind1="3" ind2="0">
    <subfield code="a">Gerontological nursing :</subfield>
    <subfield code="b">concepts and practice</subfield>
  </datafield>
  <datafield tag="250" ind1=" " ind2=" ">
    <subfield code="a">3rd edition.</subfield>
  </datafield>
  <datafield tag="260" ind1=" " ind2=" ">
    <subfield code="a">Philadelphia :</subfield>
    <subfield code="b">Saunders, an imprint of Elsevier,</subfield>
    <subfield code="c">2007.</subfield>
  </datafield>
  <datafield tag="300" ind1=" " ind2=" ">
    <subfield code="a">xxxiii, 1006 pages :</subfield>
    <subfield code="b">illustrations ;</subfield>
    <subfield code="c">28 cm.</subfield>
  </datafield>
  <datafield tag="500" ind1=" " ind2=" ">
    <subfield code="a">Includes bibliographical references and index.</subfield>
  </datafield>
  <datafield tag="505" ind1="0" ind2=" ">
    <subfield code="a">Introduction to practice in gerontological nursing. Gerontological nursing: issues and trends in practice / Helen W. Lach. Assessment: focus on function / Helen W. Lach &amp; Carrie M. Smith. Tools for screening and assessment / Helen W. Lach &amp; Carrie M. Smith. Application of nursing theory / Helen W. Lach. Evidence-based practice / Marita G. Titler &amp; Jane Hsiao-Chen Tang. Gerontology: the study of aging / Helen W. Lach. Pharmacological considerations / Adranne Dill Linton. Nutritional considerations / Anna J. Biggs. Ethical considerations / Kathleen T. Lucke -- Aging changes and health deviations. Integument system / Adrianne Dill Linton. Musculoskeletal system / Adrianne Dill Linton. Cardiovascular system / Mary Ann House-Fancher &amp; Ronald J. Lynch. Respiratory system / Adrianne Dill Linton. Neurological system / Pamela Millsap. Gastrointestinal system / Adrianne Dill Linton. Genitourinary system / Adrianne Dill Linton. Endocrine system / Adrianne Dill Linton, Lisa J. Hooter, &amp; Coleen R. Elmers. Immune system / Adrianne Dill Linton. Age-related changes in the special senses / Adrianne Dill Linton. -- Psychosocial aging. Age-related psychological changes / David W. Carroll &amp; Adrianne Dill Linton. Age-related sociological changes / Cheryl Lyn Zukerberg &amp; Adrianne Dill Linton. End of life care of the older adult / Pamela Z. Cacchione &amp; Patrick J. Cacchione -- Competencies and roles in gerontological nursing. Leadership skills / Nina Tumosa &amp; Helen W. Lach. Therapeutic groups for older adults / James H. Cook, Jr. &amp; Candace M. Ball. Team work: interdisciplinary geriatric care / Helen W. Lach. Case management / Todd M. Ruppar. Health promotion and health education for older adults / Helen W. Lach. Quality improvement / Carolyn D. Philpot ... [et al.] -- Gerontological nursing in the context of care. The geriatric continuum of care / Susan A. Ruzicka. Community care / Mary Z. Dunn. Assisted living care / Cheryl Lyn Zukerberg. Acute care / Maria B. Carroll. Subacute care / Elizabeth A. Capezuti -- Long-term care / Adrianne Dill Linton &amp; Helen W. Lach.</subfield>
  </datafield>
  <datafield tag="520" ind1=" " ind2=" ">
    <subfield code="a">Matteson &amp; McConnell's Gerontological Nursing, 3rd Edition provides comprehensive, research-based information on nursing care of older adults. Beginning with the basics, the text uses a systems approach to describe the aging process from wellness to illness. It also describes physiological and psychological aspects of aging in detail, as well as assessment and practice in all settings using the nursing process.</subfield>
  </datafield>
  <datafield tag="650" ind1=" " ind2="0">
    <subfield code="a">Geriatric nursing.</subfield>
  </datafield>
  <datafield tag="650" ind1="1" ind2="2">
    <subfield code="a">Geriatric Nursing.</subfield>
  </datafield>
  <datafield tag="650" ind1="2" ind2="2">
    <subfield code="a">Aging</subfield>
    <subfield code="x">physiology.</subfield>
  </datafield>
  <datafield tag="700" ind1="1" ind2=" ">
    <subfield code="a">Lach, Helen W.</subfield>
  </datafield>
  <datafield tag="700" ind1="1" ind2=" ">
    <subfield code="a">Matteson, Mary Ann.</subfield>
  </datafield>
  <datafield tag="700" ind1="1" ind2=" ">
    <subfield code="a">McConnell, Eleanor S.</subfield>
  </datafield>
  <datafield tag="856" ind1="4" ind2="1">
    <subfield code="3">Table of contents only</subfield>
    <subfield code="u">http://www.loc.gov/catdir/toc/fy0706/2007295356.html</subfield>
  </datafield>
  <datafield tag="906" ind1=" " ind2=" ">
    <subfield code="a">7</subfield>
    <subfield code="b">cbc</subfield>
    <subfield code="c">copycat</subfield>
    <subfield code="d">2</subfield>
    <subfield code="e">ncip</subfield>
    <subfield code="f">20</subfield>
    <subfield code="g">y-gencatlg</subfield>
  </datafield>
  <datafield tag="942" ind1=" " ind2=" ">
    <subfield code="2">lcc</subfield>
    <subfield code="c">BK</subfield>
  </datafield>
  <datafield tag="999" ind1=" " ind2=" ">
    <subfield code="c">288655</subfield>
    <subfield code="d">288655</subfield>
  </datafield>
  <datafield tag="952" ind1=" " ind2=" ">
    <subfield code="0">0</subfield>
    <subfield code="1">0</subfield>
    <subfield code="2">lcc</subfield>
    <subfield code="4">0</subfield>
    <subfield code="a">CL</subfield>
    <subfield code="b">CL</subfield>
    <subfield code="c">GC</subfield>
    <subfield code="d">2015-09-09</subfield>
    <subfield code="e">DONATION</subfield>
    <subfield code="k">GC</subfield>
    <subfield code="l">0</subfield>
    <subfield code="o">RC 954 .M37 2007</subfield>
    <subfield code="p">C19988</subfield>
    <subfield code="r">2018-05-15 00:00:00</subfield>
    <subfield code="w">2015-09-09</subfield>
    <subfield code="y">BK</subfield>
  </datafield>
</record>
